Data Structures Using C (Record no. 3756)
[ view plain ]
| 000 -LEADER | |
|---|---|
| fixed length control field | 00354nam a2200157Ia 4500 |
| 008 - FIXED-LENGTH DATA ELEMENTS--GENERAL INFORMATION | |
| fixed length control field | 191201s2008 xx 000 0 und d |
| 020 ## - INTERNATIONAL STANDARD BOOK NUMBER | |
| International Standard Book Number | 9788120306967 |
| 082 ## - DEWEY DECIMAL CLASSIFICATION NUMBER | |
| Classification number | 005.133 |
| Item number | TED |
| 100 ## - MAIN ENTRY--PERSONAL NAME | |
| Personal name | TENENBAUM, A |
| 245 #0 - TITLE STATEMENT | |
| Title | Data Structures Using C |
| 250 ## - EDITION STATEMENT | |
| Edition statement | Rep. |
| 260 ## - PUBLICATION, DISTRIBUTION, ETC. (IMPRINT) | |
| Place of publication, distribution, etc | N.Delhi |
| Name of publisher, distributor, etc | PHI |
| Date of publication, distribution, etc | 2008 |
| 300 ## - PHYSICAL DESCRIPTION | |
| Extent | 662 |
| 650 ## - SUBJECT ADDED ENTRY--TOPICAL TERM | |
| Topical term or geographic name as entry element | MCA |
| 942 ## - ADDED ENTRY ELEMENTS (KOHA) | |
| Source of classification or shelving scheme | Dewey Decimal Classification |
| Koha item type | Text Books |
| Withdrawn status | Lost status | Source of classification or shelving scheme | Damaged status | Not for loan | Collection code | Home library | Current library | Date acquired | Source of acquisition | Cost, normal purchase price | Bill Number | Total Checkouts | Full call number | Acc. no. / Barcode | Date last seen | Bill Date | Koha item type |
|---|---|---|---|---|---|---|---|---|---|---|---|---|---|---|---|---|---|
| Dewey Decimal Classification | MCA | PIET C-LIBRARY | PIET C-LIBRARY | 24/02/2009 | J B C, New Delhi | 275.00 | SI-5274 | 005.133 TED | 11090 | 04/12/2019 | 21/01/2009 | Text Books | |||||
| Dewey Decimal Classification | MCA | PIET C-LIBRARY | PIET C-LIBRARY | 24/02/2009 | J B C, New Delhi | 275.00 | SI-5274 | 005.133 TED | 11091 | 04/12/2019 | 21/01/2009 | Text Books | |||||
| Dewey Decimal Classification | MCA | PIET C-LIBRARY | PIET C-LIBRARY | 24/02/2009 | J B C, New Delhi | 275.00 | SI-5274 | 005.133 TED | 11092 | 04/12/2019 | 21/01/2009 | Text Books | |||||
| Dewey Decimal Classification | MCA | PIET C-LIBRARY | PIET C-LIBRARY | 24/02/2009 | J B C, New Delhi | 275.00 | SI-5274 | 005.133 TED | 11093 | 04/12/2019 | 21/01/2009 | Text Books | |||||
| Dewey Decimal Classification | Computer Science & Engineering in Cyber Security | PIET C-LIBRARY | PIET C-LIBRARY | 24/02/2009 | J B C, New Delhi | 275.00 | SI-5274 | 005.133 TED | 11094 | 04/12/2019 | 21/01/2009 | Text Books | |||||
| Dewey Decimal Classification | Computer Science & Engineering in Cyber Security | PIET C-LIBRARY | PIET C-LIBRARY | 24/02/2009 | J B C, New Delhi | 275.00 | SI-5274 | 005.133 TED | 11095 | 04/12/2019 | 21/01/2009 | Text Books | |||||
| Dewey Decimal Classification | Computer Science & Engineering in Cyber Security | PIET C-LIBRARY | PIET C-LIBRARY | 24/02/2009 | J B C, New Delhi | 275.00 | SI-5274 | 005.133 TED | 11096 | 04/12/2019 | 21/01/2009 | Text Books | |||||
| Dewey Decimal Classification | Computer Science & Engineering in Cyber Security | PIET C-LIBRARY | PIET C-LIBRARY | 24/02/2009 | J B C, New Delhi | 275.00 | SI-5274 | 005.133 TED | 11097 | 04/12/2019 | 21/01/2009 | Text Books |